Normal view
MARC view
- Applied finite mathematics
Entry Topical Term
001 - CONTROL NUMBER
- control field: 126145
003 - CONTROL NUMBER IDENTIFIER
- control field: NUST
005 - DATE AND TIME OF LATEST TRANSACTION
- control field: 20240927101245.0
008 - FIXED-LENGTH DATA ELEMENTS
- fixed length control field: 240927|| aca||aabn | a|a d
040 ## - CATALOGING SOURCE
- Original cataloging agency: NUST
- Transcribing agency: NUST
150 ## - HEADING--TOPICAL TERM
- Topical term or geographic name entry element: Applied finite mathematics
670 ## - SOURCE DATA FOUND
- Source citation: Work cat.: (NUST): Alan Hoeing 126144, Applied finite mathematics , 1990.
